00337nam a2200133Ia 4500008004100000041000800041082001200049100001900061245004500080250001400125260002900139300002400168365001100192240624s9999 xx 000 0 und d aeng a337 KRU aKRUGMAN PAUL R aINTERNATIONAL ECONOMICS THEORY AND POLIC a(8th ed.) c2015aNew DelhibPearson a687 : p. : cm. ; 26 cRSb33